| 000 | 01322cam a22002058i 4500 | ||
|---|---|---|---|
| 020 | _a9780199385683 (paperback) | ||
| 020 | _a9780199385690 (instructor's edition) | ||
| 040 | _cDLC | ||
| 082 | 0 | 0 | _a808 CCR 2007 C165 Or. |
| 245 | 0 | 0 |
_aFood : _ba reader for writers / |
| 300 |
_axxvii, 477 pages : _billustrations ; _c21 cm |
||
| 520 | _a"Food: A Reader for Writers is focused on the engaging theme of food and culture, including an interdisciplinary mix of pieces written in differing rhetorical styles and genres, and each chapter of the book will be punctuated by a recipe, poem, a blog excerpt, photograph, and/or vintage advertisement, providing both attractive and highly useful, additional pedagogical and learning opportunities. Developed for the first-year composition market, this reader will also provide students with the rhetorical knowledge and compositional skills to participate in the public conversations about human health, the environment, culture, travel, and politics"-- | ||
| 650 | 0 | _aFood | |
| 650 | 7 | _aJUVENILE NONFICTION / Language Arts / Composition & Creative Writing. | |
| 650 | 7 | _aLANGUAGE ARTS & DISCIPLINES / Readers. | |
| 650 | 7 | _aLANGUAGE ARTS & DISCIPLINES / Composition & Creative Writing. | |
| 700 | 1 | _aAquiline, Danielle, | |
| 700 | 1 | _aHoldstein, Deborah H., | |
| 942 | _cAEDBB | ||
| 999 |
_c19329 _d19329 |
||